Relationship between Business Strategy and Business Model Studied in a Sample of Service Companies
Empirická analýza vzťahu medzi podnikateľskou stratégiou a podnikateľkým modelom.
Salvato in:
| Autore principale: | |
|---|---|
| Altri autori: | |
| Natura: | Capitolo di libro |
| Lingua: | inglese |
| Soggetti: | |
| Tags: |
Nessun Tag, puoi essere il primo ad aggiungerne!!
|
MARC
| LEADER | 00000nla a2200000 4500 | ||
|---|---|---|---|
| 001 | 0226204 | ||
| 005 | 20250904110822.6 | ||
| 041 | 0 | |a eng | |
| 044 | |a CZ | ||
| 245 | 1 | 0 | |a Relationship between Business Strategy and Business Model Studied in a Sample of Service Companies |c Štefan Slávik, Branislav Zagoršek |
| 520 | |a Empirická analýza vzťahu medzi podnikateľskou stratégiou a podnikateľkým modelom. | ||
| 610 | 2 | 0 | |a modely podnikateľské |
| 610 | 2 | 0 | |a stratégia podnikateľská |
| 610 | 2 | 0 | |a stratégia podniková |
| 610 | 2 | 0 | |a analýza empirická |
| 610 | 2 | 0 | |a podnik služieb |
| 100 | 1 | |a Slávik, Štefan, 1955- | |
| 700 | 1 | |a Zagoršek, Branislav, 1984- | |